| 000 | 00702cam a22002172 4500 | ||
|---|---|---|---|
| 001 | 0000019970 | ||
| 005 | 20151217155227.0 | ||
| 008 | 110405s xx 000 0 eng d | ||
| 020 | _a9966854177 : | ||
| 040 |
_aYour Holding Symbol _cYour Holding Symbol |
||
| 100 | 1 |
_aNjenga, F. X. _@0000179996 |
|
| 245 | 1 | 0 |
_aInternational law and world order problems / _cF. X. Njenga. |
| 250 | _a1st ed. | ||
| 260 |
_aMoi university, Eldoret : _bMoi university press, _c2001. |
||
| 300 | _axxvi, 344 p. | ||
| 650 | 0 |
_aInternational organization. _@0000166859 |
|
| 650 | 0 |
_aInternational law. _@0000158696 |
|
| 852 | 1 | _9p640 KES | |
| 908 | _a110405 | ||
| 950 | _@1 | ||
| 999 |
_c12119 _d12119 |
||